| 000 | 00986nam0a22002891 4500 | ||
|---|---|---|---|
| 001 | rc\4513042 | ||
| 005 | 20250612104222.0 | ||
| 021 |
_aRU _b[66-40696] |
||
| 035 | _a(NLR Aleph) 008620378 | ||
| 090 |
_a8819326 _c8819326 |
||
| 100 | _a20130416d1966 |||y0rusy50 ca | ||
| 101 | 0 | _arus | |
| 102 | _aRU | ||
| 105 | _aa b ||||| | ||
| 200 | 1 | _aСиликатные и цементные краски в отделке зданий г. Москвы | |
| 210 |
_aМосква _cСтройиздат _d1966 |
||
| 215 |
_a72 с. _cил. _d21 |
||
| 606 |
_aЗдания и постройки _xОкраска _2psbo |
||
| 606 |
_aКраски силикатные _2psbo |
||
| 606 |
_aКраски цементные _2psbo |
||
| 700 | 1 |
_aКарасев _bК.И. _gКонстантин Иванович |
|
| 701 | 1 |
_aЯбко _bБ.М. _gБронислава Моисеевна |
|
| 801 | 0 |
_aRU _bNLR _gpsbo |
|
| 801 | 1 |
_aRU _bELAR _2rusmarc |
|
| 852 |
_aNLR _j66-6/5763 |
||
| 942 | _cBOOK | ||
| 980 | _aNB | ||